000
00332nam a22001457a 4500
008
210312b ||||| |||| 00| 0 eng d
020
_a
9781133362111
041
_a
eng
080
_2
7th
_a
541
082
_2
7th
_a
541
100
_a
12
101
_a
KIM
245
_a
Preparatory Chemistry CHEM 1301
_c
Zumdahi,S.S
942
_2
udc
_c
BK
999
_c
56475
_d
56475